Ronsard. La carriére du poéte

Salvato in:
Dettagli Bibliografici
Autore principale: Michel, Pierre
Natura: Libro
Lingua:Undetermined
Pubblicazione: París, Francia Foucher 1962
Soggetti:
Tags: Aggiungi Tag
Nessun Tag, puoi essere il primo ad aggiungerne!!

MARC

LEADER 00000nam a2200000Ia 4500
008 170316s9999 xx 000 0 und d
040 |a cru BVZT 
090 |a C-840 M-6r 
100 |a Michel, Pierre 
245 |a Ronsard. La carriére du poéte 
260 |a París, Francia 
260 |b Foucher 
260 |c 1962 
300 |a 70 páginas 
650 |a LITERATURA FRANCESA 
650 |a CRÍTICA 
999 |c 13004  |d 13004 
942 |c 15 D  |h C-840 M-6r  |2 z